Quiz culture générale animaux - Special Insectes - Statistiques

Statistiques générales
  • Ce quiz a été pris 57 fois
  • Le résultat moyen est 13 sur 20
Statistiques - réponses
Questions Réponse % Correct
Quel insecte peut porter jusqu’à 50 fois son propre poids ? La fourmi
96%
Quel insecte est connu pour produire de la lumière (bioluminescence) grâce à une réaction chimique? La luciole
94%
Quel espèce d’insectes mange parfois son partenaire après l’accouplement? La mante religieuse
94%
Quel insecte est le principal vecteur du paludisme ? Le moustique
89%
Quel insecte est un parasite externe qui vit dans les cheveux humains et se nourrit de sang ? Le pou
89%
Quel insecte est utilisé en lutte biologique pour manger les pucerons ? La coccinelle
81%
Quel insecte est capable de sauter de grandes distances grâce à ses pattes arrière puissantes ? La sauterelle
81%
Quel insecte est capable de se camoufler en imitant parfaitement une branche ou une feuille (selon les espèces) pour échapper à ses prédateurs ? Le phasme
81%
Quel est le nom de l’organe qui permet aux papillons de se nourrir de nectar ? La trompe (proboscis)
77%
Quel est le nom de la phase immobile chez certains insectes entre larve et adulte ? La nymphe (ou chrysalide chez les papillons)
72%
Quel insecte se nourrit principalement de bois et peut endommager les habitations ? Le termite
70%
Quel insecte a une vie adulte très courte, parfois de quelques heures seulement ? L’éphémère
55%
Quel insecte social est connu pour communiquer par une “danse” ? L’abeille
53%
Quel insecte possède des pinces à l’arrière de son abdomen qui peuvent impressionner mais sont peu dangereuses ?Indice: Cet insecte contient le nom d’une partie du corps humaine Le perce-oreille
51%
Quel est le nom du petit papillon attiré par la lumière la nuit ? La mite
45%
Quel est le nom scientifique de l’étude des insectes ? L’entomologie
40%
Comment s’appelle l’enveloppe rigide qui recouvre le corps des insectes ? Exosquelette
34%
Toutes les combien d’années une espèce de cigale particulière, qui ne sort de terre qu’à intervalles réguliers, réapparaît-elle ? (On demande le nombre figurant dans le nom familier de la cigale) 17 ans
32%
Comment s’appelle le bruit produit par les criquets ou les grillons ? La stridulation
21%
Quel est le nom de la forme hexagonale qui compose les yeux d’une mouche ?(et des autres insectes généralement) Facette
19%
Aucun quiz correspondant
Distribution des résultats
% des personnes avec chaque résultat
Percentile par nombre de réponses
Votre historique - résultats
Vous n’avez pas pris ce quiz